| 000 | 01274 a2200217 4500 | ||
|---|---|---|---|
| 003 | Nust | ||
| 005 | 20230620150707.0 | ||
| 010 | _a 97080332 | ||
| 020 | _a0030193745 | ||
| 040 | _cNust | ||
| 082 | 0 | 0 | _a310,BLA |
| 100 | 1 |
_aBlaisdell, Ernest A. _9113184 |
|
| 245 | 1 | 0 |
_aStatistics in practice (Include CD)/ _cErnest A. Blaisdell. |
| 250 | _a2nd ed. | ||
| 260 |
_aFort Worth : _bSaunders College Pub., _cc1998. |
||
| 300 |
_a1 v. (various pagings) : _bill. (some col.) ; _c25 cm. |
||
| 505 | _aA First Look at statistics and Minitab (Page-1), Describing Data (Page-30), Modeling Bivariate Data (Page-112), Probability (Page-154), Random Variables and Discrete Probability Distributions (Page-209), Special Discrete Probability Distributions (Page-243), Normal Probability Distributions (Page-280), Sampling Methods and Sampling Distributions (Page-316), Estimating Means, Proportions and Variance (Page-354), Tests of Hypotheses (Page-410),Tests of Hypotheses and Estimation (Page-469), CHI-Square Tests for Analyzing Count Data (Page-546), Analysis of Variance (Page-585), Linear Regression Analysis (Page-639), Nonparametric Tests (Page-686), Multiple Regression Models (Page-755). | ||
| 650 | 0 |
_aStatistics. _969 |
|
| 651 |
_a(Include CD) _98953 |
||
| 942 |
_2ddc _cBK |
||
| 999 |
_c184885 _d184885 |
||